000 00549nam a2200193Ia 4500
005 20250923145421.0
008 008 250917s9999 xx 000 0 eng d
037 _aTextual
040 _aDSWL
_beng
_cDSWL
041 _aeng
_2eng
084 _aY:45.1, N74
_qDSWL
245 0 _aInternational review of criminal policy No-31
_cby United Nations
260 _aNew York
_b U.N.Publicaitons
_c1974
300 _av,101 p.
365 _aUSD
_b6 . 0
925 _g6 . 0
942 _cTEXL
_hY:45.1, N74
999 _c1451107
_d1451107